Cities on Route 66 on a Map - Statistics

General Stats
  • This quiz has been taken 33,343 times
    9,368 since last reset
  • The average score is 11 of 28
Answers on the Map
Answers color-coded by a green-red scale on the quiz's map according to % correct below.
 
Answer Stats
Population City % Correct
2,664,452 Chicago
97%
3,820,914 Los Angeles
97%
702,767 Oklahoma City
90%
560,274 Albuquerque
82%
281,754 St. Louis
79%
112,544 Springfield, IL
72%
170,188 Springfield, MO
72%
411,894 Tulsa
71%
89,167 Santa Fe
68%
202,408 Amarillo
54%
76,586 Flagstaff
53%
223,728 San Bernardino
40%
89,922 Santa Monica
37%
53,095 Joplin
26%
133,560 Pasadena
25%
150,489 Joliet
24%
78,587 Bloomington
18%
24,964 Barstow
17%
20,451 Gallup
16%
35,334 Kingman
16%
52,618 Normal
14%
8,517 Winslow
13%
98,103 Edmond
12%
138,869 Victorville
12%
4,824 Needles
11%
20,423 Rolla
10%
5,123 Tucumcari
10%
174,405 Rancho Cucamonga
9%
No matching quizzes found
Score Distribution
Percent of People with Each Score
Percentile by Number Answered
Your Score History
You have not taken this quiz since the last reset